000 00708nam a2200289Ia 4500
005 20260324122008.0
008 008 260324s9999 xx 000 0 eng d
020 _a9781315574677
037 _aEBOOK
040 _aCRL
040 _beng
040 _cCRL
041 _2eng
041 _aeng
084 _qCRL
100 _aMyrna Margulies Breitbart
_91164703
245 0 _aCreative Economies in Post-Industrial Cities
245 0 _bManufacturing a (Different) Scene
260 _bTaylor and Francis
260 _c2013
365 _a
365 _b255
856 _uhttp://www.taylorfrancis.com/books/9781315574677
942 _cEBOOK
999 _c1757129
_d1757129